| 000 | 01064cab a22002415a 4500 | ||
|---|---|---|---|
| 001 | L152533 | ||
| 008 | 110323e20110319xxk 000 0 eng d | ||
| 035 | _a(Sirsi) u152533 | ||
| 041 | 0 | _aeng | |
| 100 | 1 | _aPereira, James | |
| 245 | 0 | 0 | _aStaying on track |
| 260 | _c2011 | ||
| 490 |
_aEstates Gazette _v(1111) 19 March 2011, 98-99(2) |
||
| 520 | _aInfrastructure projects such as Crossrail and High Speed give rise to issues concerning ownership of land and compensation requirements. Reviews case law which arose with High Speed 1 (HS1) including what price subsoil, absent or silent owners and compulsory purchase matters. | ||
| 590 | _aKA | ||
| 650 | 2 | 4 | _aBOCARDO SA V STAR ENERGY UK ONSHORE LTD & ANOR |
| 650 | 2 | 4 | _aUNION RAILWAYS NORTH LTD V LONDON AND CONTINENTAL RAILWAYS LTD AND KENT COUNTY COUNCIL |
| 650 | 2 | 4 | _aPORT OF LONDON AUTHORITY V TRANSPORT FOR LONDON |
| 651 | 4 | _aENGLAND AND WALES | |
| 690 | _aENVIRONMENTAL AND LAND CONSULTANCY-PLANNING AND DEVELOPMENT-COMPULSORY PURCHASE AND COMPENSATION | ||
| 700 | 1 | _aRogers, Amy | |
| 942 | _n0 | ||
| 999 |
_c82992 _d82992 |
||